书目信息 |
| 题名: |
企业财务审计实践探索
|
|
| 作者: | 刘泽亚 主编 | |
| 分册: | ||
| 出版信息: | 哈尔滨 哈尔滨出版社 2020.8 |
|
| 页数: | 197页 | |
| 开本: | 24cm | |
| 丛书名: | ||
| 单 册: | ||
| 中图分类: | F239.6 | |
| 科图分类: | ||
| 主题词: | 企业管理--qi ye guan li--财务审计--研究 | |
| 电子资源: | ||
| ISBN: | 978-7-5484-3086-5 | |
| 000 | 00834nam0 2200229 450 | |
| 001 | 2157984195 | |
| 005 | 20211011172911.0 | |
| 010 | @a978-7-5484-3086-5@dCNY58.00 | |
| 100 | @a20210330d2020 em y0chiy0120 ea | |
| 101 | 0 | @achi |
| 102 | @aCN@b230000 | |
| 105 | @ay z 000yy | |
| 106 | @ar | |
| 200 | 1 | @a企业财务审计实践探索@Aqi ye cai wu shen ji shi jian tan suo@f刘泽亚主编 |
| 210 | @a哈尔滨@c哈尔滨出版社@d2020.8 | |
| 215 | @a197页@d24cm | |
| 330 | @a本书共分九章,内容包括:审计总论、审计市场与审计服务、审计的职业规范和法律责任、审计程序与审计方法、内部控制与控制风险、资产审计、负债审计、所有者权益审计、审计抽样技术与业务质量控制。 | |
| 606 | 0 | @a企业管理@Aqi ye guan li@x财务审计@x研究 |
| 690 | @aF239.6@v5 | |
| 701 | 0 | @a刘泽亚@Aliu ze ya@4主编 |
| 801 | 0 | @aCN@b百万庄@c20211006 |
| 905 | @b1305885-88@dF239.6@e748@f4 | |
| 企业财务审计实践探索/刘泽亚主编.-哈尔滨:哈尔滨出版社,2020.8 |
| 197页;24cm |
| ISBN 978-7-5484-3086-5:CNY58.00 |
| 本书共分九章,内容包括:审计总论、审计市场与审计服务、审计的职业规范和法律责任、审计程序与审计方法、内部控制与控制风险、资产审计、负债审计、所有者权益审计、审计抽样技术与业务质量控制。 |
| ● |
| 相关链接 |
|
|
|
|
正题名:企业财务审计实践探索
索取号:F239.6/748
 
预约/预借
| 序号 | 登录号 | 条形码 | 馆藏地/架位号 | 状态 | 备注 |
| 1 | 1305885 | 213058858 | 第一样本阅览室/ [索取号:F239.6/748] | 在馆 | |
| 2 | 1305886 | 213058867 | 第一借阅区/ [索取号:F239.6/748] | 在馆 | |
| 3 | 1305887 | 213058876 | 第一借阅区/ [索取号:F239.6/748] | 在馆 | |
| 4 | 1305888 | 213058885 | 第一借阅区/ [索取号:F239.6/748] | 在馆 |